=LDR 00000nam 2200000 4500 =001 000531 =005 20250711120548 =035 ##$$a 0010-0725000399 =007 ta =008 250711################a##########0#ind## =020 ##$$a 978-623-472-493-6 =082 ##$$a 398.209 598 =084 ##$$a 398.209 598 BAN k =100 #$$a Bannerjee, Kanchan =245 1#$$a Kucing Bersih /$c Kanchan Bannerjee =250 ##$$a cetakan pertama =260 ##$$a Jakarta :$b Badan pengembangan dan pembinaan bahasa,$c 2022 =300 ##$$a 20 hlm. : $b ilus. ; $c 22,9 cm$e 398.209 598 =650 #4$$a Cerita Anak Indonesia =856 ##$$a TBM As Suhada =990 ##$$a TBM02900290